[Event "Irena Warakomska Memorial B"]
[Site "chessmanager.com"]
[Date "2018.08.04"]
[Round "5"]
[White "Bury, Gleb M"]
[Black "Bien, Janusz"]
[Result "1/2-1/2"]
[Board "13"]
[WhiteElo "1942"]
[WhiteCountry "BLR"]
[WhiteFideId "13519131"]
[WhiteEloChange "1"]
[BlackElo "1976"]
[BlackCountry "POL"]
[BlackFideId "1137921"]
[BlackEloChange "-1"]

1. e4 {[%clk 1:30:30]} e6 {[%clk 1:30:30]} 2. d4 {[%clk 1:30:30]} d5 {[%clk
1:30:30]} 3. Nd2 {[%clk 1:30:30]} c5 {[%clk 1:30:30]} 4. exd5 {[%clk 1:30:30]}
Qxd5 {[%clk 1:30:30]} 5. Ngf3 {[%clk 1:30:30]} cxd4 {[%clk 1:30:30]} 6. Bc4
{[%clk 1:30:30]} Qd6 {[%clk 1:30:30]} 7. O-O {[%clk 1:30:30]} Nf6 {[%clk
1:30:30]} 8. Nb3 {[%clk 1:30:30]} Nc6 {[%clk 1:30:30]} 9. Nbxd4 {[%clk 1:30:30]}
Nxd4 {[%clk 1:30:30]} 10. Nxd4 {[%clk 1:30:30]} a6 {[%clk 1:30:30]} 11. c3 {[%clk
1:30:30]} Qc7 {[%clk 1:30:30]} 12. Bd3 {[%clk 1:30:30]} Bd6 {[%clk 1:30:30]} 13.
h3 {[%clk 1:30:30]} Bh2+ {[%clk 1:30:30]} 14. Kh1 {[%clk 1:30:30]} Bf4 {[%clk
1:30:30]} 15. Nxe6 {[%clk 1:30:30]} Bxe6 {[%clk 1:30:30]} 16. Qa4+ {[%clk
1:30:30]} Qd7 {[%clk 1:30:30]} 17. Qxd7+ {[%clk 1:30:30]} Bxd7 {[%clk 1:30:30]}
18. Bxf4 {[%clk 1:30:30]} O-O {[%clk 1:30:30]} 19. Rad1 {[%clk 1:30:30]} Be6
{[%clk 1:30:30]} 20. Bb1 {[%clk 1:30:30]} Nd5 {[%clk 1:30:30]} 21. Be5 {[%clk
1:30:30]} b5 {[%clk 1:30:30]} 22. Rfe1 {[%clk 1:30:30]} Rfe8 {[%clk 1:30:30]} 23.
Bd4 {[%clk 1:30:30]} Rac8 {[%clk 1:30:30]} 24. a3 {[%clk 1:30:30]} f6 {[%clk
1:30:30]} 25. Ba2 {[%clk 1:30:30]} Nf4 {[%clk 1:30:30]} 26. Bxe6+ {[%clk
1:30:30]} Nxe6 {[%clk 1:30:30]} 27. Be3 {[%clk 1:30:30]} Red8 {[%clk 1:30:30]}
28. Kg1 {[%clk 1:30:30]} Kf7 {[%clk 1:30:30]} 29. Kf1 {[%clk 1:30:30]} Rxd1
{[%clk 1:30:30]} 30. Rxd1 {[%clk 1:30:30]} Rd8 {[%clk 1:30:30]} 31. Rxd8 {[%clk
1:30:30]} Nxd8 {[%clk 1:30:30]} 32. b3 {[%clk 1:30:30]} Nc6 {[%clk 1:30:30]} 33.
Bb6 {[%clk 1:30:30]} Ke6 {[%clk 1:30:30]} 34. Ke2 {[%clk 1:30:30]} Kd5 {[%clk
1:30:30]} 35. Bc7 {[%clk 1:30:30]} Ke4 {[%clk 1:30:30]} 36. f3+ {[%clk 1:30:30]}
Kd5 {[%clk 1:30:30]} 37. g4 {[%clk 1:30:30]} Ne7 {[%clk 1:30:30]} 38. Kd3 {[%clk
1:30:30]} Nc6 {[%clk 1:30:30]} 39. c4+ {[%clk 1:30:30]} bxc4+ {[%clk 1:30:30]}
40. bxc4+ {[%clk 1:30:30]} Kc5 {[%clk 1:30:30]} 41. Bg3 {[%clk 1:30:30]} Na5
{[%clk 1:30:30]} 42. Bf2+ {[%clk 1:30:30]} Kd6 {[%clk 1:30:30]} 43. Bd4 {[%clk
1:30:30]} Ke6 {[%clk 1:30:30]} 44. Bb6 {[%clk 1:30:30]} Nc6 {[%clk 1:30:30]} 45.
Bc7 {[%clk 1:30:30]} Kd7 {[%clk 1:30:30]} 46. Bg3 {[%clk 1:30:30]} Ke6 {[%clk
1:30:30]} 47. f4 {[%clk 1:30:30]} f5 {[%clk 1:30:30]} 48. Be1 {[%clk 1:30:30]} g6
{[%clk 1:30:30]} 49. Bc3 {[%clk 1:30:30]} Kd6 {[%clk 1:30:30]} 50. gxf5 {[%clk
1:30:30]} gxf5 {[%clk 1:30:30]} 51. Bd2 {[%clk 1:30:30]} Kc5 {[%clk 1:30:30]} 52.
Be1 {[%clk 1:30:30]} Kd6 {[%clk 1:30:30]} 53. Bf2 {[%clk 1:30:30]} Ke6 {[%clk
1:30:30]} 54. Bc5 {[%clk 1:30:30]} Kd7 {[%clk 1:30:30]} 55. a4 {[%clk 1:30:30]}
Nd8 {[%clk 1:30:30]} 56. Bf2 {[%clk 1:30:30]} Kd6 {[%clk 1:30:30]} 57. Be3 {[%clk
1:30:30]} Ne6 {[%clk 1:30:30]} 58. Kc3 {[%clk 1:30:30]} Nd8 {[%clk 1:30:30]} 59.
Kd3 {[%clk 1:30:30]} Ne6 {[%clk 1:30:30]} 60. Kc3 {[%clk 1:30:30]} Nd8 {[%clk
1:30:30]} 61. Kd3 {[%clk 1:30:30]} Nc6 {[%clk 1:30:30]} 62. Kc3 {[%clk 1:30:30]}
Nd8 {[%clk 1:30:30]} 1/2-1/2

[Event "Irena Warakomska Memorial B"]
[Site "chessmanager.com"]
[Date "2018.08.04"]
[Round "5"]
[White "Zolkiewski, Jakub"]
[Black "Szewczyk, Mariusz"]
[Result "1/2-1/2"]
[Board "14"]
[WhiteElo "1894"]
[WhiteCountry "POL"]
[WhiteFideId "1184695"]
[WhiteEloChange "5"]
[BlackElo "2094"]
[BlackCountry "POL"]
[BlackFideId "1147579"]
[BlackEloChange "-5"]

1. d4 {[%clk 1:30:30]} Nf6 {[%clk 1:30:30]} 2. c4 {[%clk 1:30:30]} e5 {[%clk
1:30:30]} 3. dxe5 {[%clk 1:30:30]} Ng4 {[%clk 1:30:30]} 4. Bf4 {[%clk 1:30:30]}
g5 {[%clk 1:30:30]} 5. Bd2 {[%clk 1:30:30]} Nxe5 {[%clk 1:30:30]} 6. Bc3 {[%clk
1:30:30]} Bg7 {[%clk 1:30:30]} 7. e3 {[%clk 1:30:30]} Qe7 {[%clk 1:30:30]} 8. Nf3
{[%clk 1:30:30]} Nbc6 {[%clk 1:30:30]} 9. Be2 {[%clk 1:30:30]} d6 {[%clk
1:30:30]} 10. O-O {[%clk 1:30:30]} Be6 {[%clk 1:30:30]} 11. Nd4 {[%clk 1:30:30]}
Nxd4 {[%clk 1:30:30]} 12. exd4 {[%clk 1:30:30]} Ng6 {[%clk 1:30:30]} 13. d5
{[%clk 1:30:30]} Bxc3 {[%clk 1:30:30]} 14. Nxc3 {[%clk 1:30:30]} Bd7 {[%clk
1:30:30]} 15. Re1 {[%clk 1:30:30]} Ne5 {[%clk 1:30:30]} 16. Bd3 {[%clk 1:30:30]}
f5 {[%clk 1:30:30]} 17. c5 {[%clk 1:30:30]} O-O {[%clk 1:30:30]} 18. Bc4 {[%clk
1:30:30]} Qg7 {[%clk 1:30:30]} 19. cxd6 {[%clk 1:30:30]} cxd6 {[%clk 1:30:30]}
20. Bb5 {[%clk 1:30:30]} g4 {[%clk 1:30:30]} 21. Bxd7 {[%clk 1:30:30]} Qxd7
{[%clk 1:30:30]} 22. Qd4 {[%clk 1:30:30]} Qg7 {[%clk 1:30:30]} 23. Rad1 {[%clk
1:30:30]} Rf6 {[%clk 1:30:30]} 24. Ne2 {[%clk 1:30:30]} f4 {[%clk 1:30:30]} 25.
Nxf4 {[%clk 1:30:30]} Qg5 {[%clk 1:30:30]} 26. Re4 {[%clk 1:30:30]} Rc8 {[%clk
1:30:30]} 27. Nd3 {[%clk 1:30:30]} Rf5 {[%clk 1:30:30]} 28. Nxe5 {[%clk 1:30:30]}
dxe5 {[%clk 1:30:30]} 29. Qd3 {[%clk 1:30:30]} h5 {[%clk 1:30:30]} 30. d6 {[%clk
1:30:30]} Qf6 {[%clk 1:30:30]} 31. d7 {[%clk 1:30:30]} Rd8 {[%clk 1:30:30]} 32.
Qd5+ {[%clk 1:30:30]} Kf8 {[%clk 1:30:30]} 33. Qc5+ {[%clk 1:30:30]} Qe7 {[%clk
1:30:30]} 34. Qc7 {[%clk 1:30:30]} Rf7 {[%clk 1:30:30]} 35. Rxe5 {[%clk 1:30:30]}
Rxd7 {[%clk 1:30:30]} 36. Qc8+ {[%clk 1:30:30]} Kg7 {[%clk 1:30:30]} 37. Rxd7
{[%clk 1:30:30]} Qxd7 {[%clk 1:30:30]} 38. Qxd7 {[%clk 1:30:30]} Rxd7 {[%clk
1:30:30]} 39. h3 {[%clk 1:30:30]} Kg6 {[%clk 1:30:30]} 40. Kf1 {[%clk 1:30:30]}
Rd2 {[%clk 1:30:30]} 41. Rb5 {[%clk 1:30:30]} b6 {[%clk 1:30:30]} 42. a4 {[%clk
1:30:30]} 1/2-1/2

[Event "Irena Warakomska Memorial B"]
[Site "chessmanager.com"]
[Date "2018.08.04"]
[Round "5"]
[White "Reshetniak, Vitaliy"]
[Black "Binkis, Evgeniya"]
[Result "1/2-1/2"]
[Board "15"]
[WhiteElo "2085"]
[WhiteCountry "UKR"]
[WhiteFideId "14125250"]
[WhiteEloChange "-8"]
[BlackElo "1723"]
[BlackCountry "RUS"]
[BlackFideId "44110863"]
[BlackEloChange "8"]

1. d4 {[%clk 1:30:30]} Nf6 {[%clk 1:30:30]} 2. c4 {[%clk 1:30:30]} g6 {[%clk
1:30:30]} 3. Nc3 {[%clk 1:30:30]} Bg7 {[%clk 1:30:30]} 4. e4 {[%clk 1:30:30]} d6
{[%clk 1:30:30]} 5. Nf3 {[%clk 1:30:30]} O-O {[%clk 1:30:30]} 6. h3 {[%clk
1:30:30]} Nbd7 {[%clk 1:30:30]} 7. Be3 {[%clk 1:30:30]} e5 {[%clk 1:30:30]} 8. d5
{[%clk 1:30:30]} Qe7 {[%clk 1:30:30]} 9. g4 {[%clk 1:30:30]} Nc5 {[%clk 1:30:30]}
10. Nd2 {[%clk 1:30:30]} a5 {[%clk 1:30:30]} 11. Be2 {[%clk 1:30:30]} Ne8 {[%clk
1:30:30]} 12. h4 {[%clk 1:30:30]} f5 {[%clk 1:30:30]} 13. g5 {[%clk 1:30:30]} f4
{[%clk 1:30:30]} 14. Bxc5 {[%clk 1:30:30]} dxc5 {[%clk 1:30:30]} 15. Bg4 {[%clk
1:30:30]} Nd6 {[%clk 1:30:30]} 16. Bxc8 {[%clk 1:30:30]} Raxc8 {[%clk 1:30:30]}
17. Qf3 {[%clk 1:30:30]} c6 {[%clk 1:30:30]} 18. O-O-O {[%clk 1:30:30]} cxd5
{[%clk 1:30:30]} 19. Nxd5 {[%clk 1:30:30]} Qe8 {[%clk 1:30:30]} 20. h5 {[%clk
1:30:30]} b5 {[%clk 1:30:30]} 21. hxg6 {[%clk 1:30:30]} hxg6 {[%clk 1:30:30]} 22.
Qd3 {[%clk 1:30:30]} Qd8 {[%clk 1:30:30]} 23. Rdg1 {[%clk 1:30:30]} Kf7 {[%clk
1:30:30]} 24. Kb1 {[%clk 1:30:30]} Rh8 {[%clk 1:30:30]} 25. Rxh8 {[%clk 1:30:30]}
Bxh8 {[%clk 1:30:30]} 26. cxb5 {[%clk 1:30:30]} c4 {[%clk 1:30:30]} 27. Qh3
{[%clk 1:30:30]} Nxb5 {[%clk 1:30:30]} 28. Nf3 {[%clk 1:30:30]} Bg7 {[%clk
1:30:30]} 29. a4 {[%clk 1:30:30]} Nd6 {[%clk 1:30:30]} 30. Qh7 {[%clk 1:30:30]}
Qe8 {[%clk 1:30:30]} 31. Nc3 {[%clk 1:30:30]} Qe6 {[%clk 1:30:30]} 32. Qh1 {[%clk
1:30:30]} Nb7 {[%clk 1:30:30]} 33. Rd1 {[%clk 1:30:30]} Nc5 {[%clk 1:30:30]} 34.
Rd5 {[%clk 1:30:30]} Nd3 {[%clk 1:30:30]} 35. Nb5 {[%clk 1:30:30]} Rc5 {[%clk
1:30:30]} 36. Rd6 {[%clk 1:30:30]} c3 {[%clk 1:30:30]} 37. Rxd3 {[%clk 1:30:30]}
c2+ {[%clk 1:30:30]} 38. Kc1 {[%clk 1:30:30]} Qa2 {[%clk 1:30:30]} 39. Kd2 {[%clk
1:30:30]} c1Q+ {[%clk 1:30:30]} 40. Qxc1 {[%clk 1:30:30]} Rxc1 {[%clk 1:30:30]}
41. Kxc1 {[%clk 1:30:30]} Qxa4 {[%clk 1:30:30]} 42. Nc3 {[%clk 1:30:30]} Qc4
{[%clk 1:30:30]} 43. Kc2 {[%clk 1:30:30]} Ke6 {[%clk 1:30:30]} 44. Nd2 {[%clk
1:30:30]} Qc5 {[%clk 1:30:30]} 45. f3 {[%clk 1:30:30]} Bf8 {[%clk 1:30:30]} 46.
Rd5 {[%clk 1:30:30]} Qb4 {[%clk 1:30:30]} 47. Rb5 {[%clk 1:30:30]} Qd4 {[%clk
1:30:30]} 48. Rxa5 {[%clk 1:30:30]} Be7 {[%clk 1:30:30]} 49. Rd5 {[%clk 1:30:30]}
Qf2 {[%clk 1:30:30]} 1/2-1/2

[Event "Irena Warakomska Memorial B"]
[Site "chessmanager.com"]
[Date "2018.08.04"]
[Round "5"]
[White "Flis, Pawel"]
[Black "Sukhimski, Vladimir"]
[Result "1-0"]
[Board "16"]
[WhiteElo "1934"]
[WhiteCountry "POL"]
[WhiteFideId "1112864"]
[WhiteEloChange "14"]
[BlackElo "2083"]
[BlackCountry "UKR"]
[BlackFideId "14102889"]
[BlackEloChange "-14"]

1. e4 {[%clk 1:30:30]} c5 {[%clk 1:30:30]} 2. Nc3 {[%clk 1:30:30]} Nc6 {[%clk
1:30:30]} 3. Bb5 {[%clk 1:30:30]} d6 {[%clk 1:30:30]} 4. Bxc6+ {[%clk 1:30:30]}
bxc6 {[%clk 1:30:30]} 5. d3 {[%clk 1:30:30]} g6 {[%clk 1:30:30]} 6. f4 {[%clk
1:30:30]} Bg7 {[%clk 1:30:30]} 7. Nf3 {[%clk 1:30:30]} Nh6 {[%clk 1:30:30]} 8. h3
{[%clk 1:30:30]} f5 {[%clk 1:30:30]} 9. O-O {[%clk 1:30:30]} O-O {[%clk 1:30:30]}
10. Bd2 {[%clk 1:30:30]} c4 {[%clk 1:30:30]} 11. Kh2 {[%clk 1:30:30]} Rb8 {[%clk
1:30:30]} 12. Rb1 {[%clk 1:30:30]} cxd3 {[%clk 1:30:30]} 13. cxd3 {[%clk
1:30:30]} fxe4 {[%clk 1:30:30]} 14. dxe4 {[%clk 1:30:30]} Ba6 {[%clk 1:30:30]}
15. Re1 {[%clk 1:30:30]} Bd3 {[%clk 1:30:30]} 16. Rc1 {[%clk 1:30:30]} Rxb2
{[%clk 1:30:30]} 17. Be3 {[%clk 1:30:30]} Ba6 {[%clk 1:30:30]} 18. Nd4 {[%clk
1:30:30]} Qd7 {[%clk 1:30:30]} 19. Qa4 {[%clk 1:30:30]} Bb5 {[%clk 1:30:30]} 20.
Ncxb5 {[%clk 1:30:30]} cxb5 {[%clk 1:30:30]} 21. Qa3 {[%clk 1:30:30]} Ng4+ {[%clk
1:30:30]} 22. hxg4 {[%clk 1:30:30]} Rxg2+ {[%clk 1:30:30]} 23. Kxg2 {[%clk
1:30:30]} Qxg4+ {[%clk 1:30:30]} 24. Kf1 {[%clk 1:30:30]} e5 {[%clk 1:30:30]} 25.
Qb3+ {[%clk 1:30:30]} Kh8 {[%clk 1:30:30]} 26. Qe6 {[%clk 1:30:30]} Qh5 {[%clk
1:30:30]} 27. Rc8 {[%clk 1:30:30]} Qh1+ {[%clk 1:30:30]} 28. Ke2 {[%clk 1:30:30]}
Qg2+ {[%clk 1:30:30]} 29. Kd3 {[%clk 1:30:30]} h5 {[%clk 1:30:30]} 30. Rg1 {[%clk
1:30:30]} Qb2 {[%clk 1:30:30]} 31. Rxf8+ {[%clk 1:30:30]} Bxf8 {[%clk 1:30:30]}
32. Qxg6 {[%clk 1:30:30]} Qxa2 {[%clk 1:30:30]} 33. Qxh5+ {[%clk 1:30:30]} 1-0

[Event "Irena Warakomska Memorial B"]
[Site "chessmanager.com"]
[Date "2018.08.04"]
[Round "5"]
[White "Zurkowski, Andrzej"]
[Black "Haliniak, Wojciech"]
[Result "1/2-1/2"]
[Board "17"]
[WhiteElo "2089"]
[WhiteCountry "POL"]
[WhiteFideId "1131303"]
[WhiteEloChange "-8"]
[BlackElo "1679"]
[BlackCountry "POL"]
[BlackFideId "21838461"]
[BlackEloChange "8"]

1. g4 {[%clk 1:30:30]} d5 {[%clk 1:30:30]} 2. Bg2 {[%clk 1:30:30]} Bxg4 {[%clk
1:30:30]} 3. c4 {[%clk 1:30:30]} c6 {[%clk 1:30:30]} 4. cxd5 {[%clk 1:30:30]}
cxd5 {[%clk 1:30:30]} 5. Nc3 {[%clk 1:30:30]} Qd7 {[%clk 1:30:30]} 6. Nxd5 {[%clk
1:30:30]} e6 {[%clk 1:30:30]} 7. Ne3 {[%clk 1:30:30]} Bh5 {[%clk 1:30:30]} 8. Nf3
{[%clk 1:30:30]} Nc6 {[%clk 1:30:30]} 9. d3 {[%clk 1:30:30]} Bc5 {[%clk 1:30:30]}
10. Bd2 {[%clk 1:30:30]} Nge7 {[%clk 1:30:30]} 11. Nc4 {[%clk 1:30:30]} O-O
{[%clk 1:30:30]} 12. Rc1 {[%clk 1:30:30]} Rac8 {[%clk 1:30:30]} 13. O-O {[%clk
1:30:30]} Nf5 {[%clk 1:30:30]} 14. Bf4 {[%clk 1:30:30]} Nfd4 {[%clk 1:30:30]} 15.
Nxd4 {[%clk 1:30:30]} Nxd4 {[%clk 1:30:30]} 16. Re1 {[%clk 1:30:30]} Bb4 {[%clk
1:30:30]} 17. Bd2 {[%clk 1:30:30]} Bxd2 {[%clk 1:30:30]} 18. Qxd2 {[%clk
1:30:30]} Nxe2+ {[%clk 1:30:30]} 19. Rxe2 {[%clk 1:30:30]} Bxe2 {[%clk 1:30:30]}
20. Qxe2 {[%clk 1:30:30]} b5 {[%clk 1:30:30]} 21. Rd1 {[%clk 1:30:30]} bxc4
{[%clk 1:30:30]} 22. dxc4 {[%clk 1:30:30]} Qc7 {[%clk 1:30:30]} 23. Rc1 {[%clk
1:30:30]} Qa5 {[%clk 1:30:30]} 24. a3 {[%clk 1:30:30]} Rfd8 {[%clk 1:30:30]} 25.
Rc3 {[%clk 1:30:30]} Qa4 {[%clk 1:30:30]} 26. Bf3 {[%clk 1:30:30]} Qd7 {[%clk
1:30:30]} 27. c5 {[%clk 1:30:30]} Qd2 {[%clk 1:30:30]} 28. Qxd2 {[%clk 1:30:30]}
Rxd2 {[%clk 1:30:30]} 29. b4 {[%clk 1:30:30]} Kf8 {[%clk 1:30:30]} 30. Bb7 {[%clk
1:30:30]} Rc7 {[%clk 1:30:30]} 31. c6 {[%clk 1:30:30]} Ke7 {[%clk 1:30:30]} 32.
a4 {[%clk 1:30:30]} Rd4 {[%clk 1:30:30]} 33. Rb3 {[%clk 1:30:30]} Rc4 {[%clk
1:30:30]} 34. a5 {[%clk 1:30:30]} R4xc6 {[%clk 1:30:30]} 35. Bxc6 {[%clk
1:30:30]} Rxc6 {[%clk 1:30:30]} 36. b5 {[%clk 1:30:30]} Rc8 {[%clk 1:30:30]} 37.
b6 {[%clk 1:30:30]} axb6 {[%clk 1:30:30]} 38. Rxb6 {[%clk 1:30:30]} Ra8 {[%clk
1:30:30]} 39. a6 {[%clk 1:30:30]} Kf6 {[%clk 1:30:30]} 40. Kg2 {[%clk 1:30:30]}
h6 {[%clk 1:30:30]} 41. Kf3 {[%clk 1:30:30]} Ke5 {[%clk 1:30:30]} 42. Rb7 {[%clk
1:30:30]} 1/2-1/2

[Event "Irena Warakomska Memorial B"]
[Site "chessmanager.com"]
[Date "2018.08.04"]
[Round "5"]
[White "Kwiecinski, Rafal"]
[Black "Grabowski, Adam"]
[Result "0-1"]
[Board "18"]
[WhiteElo "1459"]
[WhiteCountry "POL"]
[WhiteFideId "21008868"]
[WhiteEloChange "-2"]
[BlackElo "2066"]
[BlackCountry "POL"]
[BlackFideId "1142143"]
[BlackEloChange "2"]

1. e4 {[%clk 1:30:30]} c6 {[%clk 1:30:30]} 2. e5 {[%clk 1:30:30]} d5 {[%clk
1:30:30]} 3. f4 {[%clk 1:30:30]} h5 {[%clk 1:30:30]} 4. Nf3 {[%clk 1:30:30]} Bg4
{[%clk 1:30:30]} 5. d4 {[%clk 1:30:30]} e6 {[%clk 1:30:30]} 6. Nbd2 {[%clk
1:30:30]} c5 {[%clk 1:30:30]} 7. h3 {[%clk 1:30:30]} Bxf3 {[%clk 1:30:30]} 8.
Nxf3 {[%clk 1:30:30]} Nc6 {[%clk 1:30:30]} 9. c3 {[%clk 1:30:30]} Qb6 {[%clk
1:30:30]} 10. a4 {[%clk 1:30:30]} Nh6 {[%clk 1:30:30]} 11. g4 {[%clk 1:30:30]}
cxd4 {[%clk 1:30:30]} 12. cxd4 {[%clk 1:30:30]} Bb4+ {[%clk 1:30:30]} 13. Ke2
{[%clk 1:30:30]} O-O-O {[%clk 1:30:30]} 14. Rg1 {[%clk 1:30:30]} hxg4 {[%clk
1:30:30]} 15. hxg4 {[%clk 1:30:30]} f5 {[%clk 1:30:30]} 16. exf6 {[%clk 1:30:30]}
gxf6 {[%clk 1:30:30]} 17. Be3 {[%clk 1:30:30]} Kb8 {[%clk 1:30:30]} 18. Qd3
{[%clk 1:30:30]} a6 {[%clk 1:30:30]} 19. Nh4 {[%clk 1:30:30]} Bd6 {[%clk
1:30:30]} 20. b4 {[%clk 1:30:30]} Nxb4 {[%clk 1:30:30]} 21. Qb3 {[%clk 1:30:30]}
Rc8 {[%clk 1:30:30]} 22. a5 {[%clk 1:30:30]} Qc7 {[%clk 1:30:30]} 23. Rc1 {[%clk
1:30:30]} Qxa5 {[%clk 1:30:30]} 24. Rxc8+ {[%clk 1:30:30]} Rxc8 {[%clk 1:30:30]}
25. f5 {[%clk 1:30:30]} Nc2 {[%clk 1:30:30]} 26. Bd2 {[%clk 1:30:30]} Bf4 {[%clk
1:30:30]} 27. Nf3 {[%clk 1:30:30]} exf5 {[%clk 1:30:30]} 28. gxf5 {[%clk
1:30:30]} Re8+ {[%clk 1:30:30]} 29. Kd3 {[%clk 1:30:30]} Nb4+ {[%clk 1:30:30]}
30. Kc3 {[%clk 1:30:30]} Rc8+ {[%clk 1:30:30]} 31. Kb2 {[%clk 1:30:30]} Rc2+
{[%clk 1:30:30]} 32. Qxc2 {[%clk 1:30:30]} Qa2+ {[%clk 1:30:30]} 33. Kc3 {[%clk
1:30:30]} Qxc2+ {[%clk 1:30:30]} 34. Kxb4 {[%clk 1:30:30]} Bd6+ {[%clk 1:30:30]}
0-1

[Event "Irena Warakomska Memorial B"]
[Site "chessmanager.com"]
[Date "2018.08.04"]
[Round "5"]
[White "Piekielny, Pawel"]
[Black "Paszkowski, Krystian"]
[Result "1-0"]
[Board "19"]
[WhiteElo "1918"]
[WhiteCountry "POL"]
[WhiteFideId "21838828"]
[WhiteEloChange "3"]
[BlackElo "1609"]
[BlackCountry "POL"]
[BlackFideId "21853002"]
[BlackEloChange "-3"]

1. e4 {[%clk 1:30:30]} c5 {[%clk 1:30:30]} 2. Nf3 {[%clk 1:30:30]} e6 {[%clk
1:30:30]} 3. d4 {[%clk 1:30:30]} cxd4 {[%clk 1:30:30]} 4. Nxd4 {[%clk 1:30:30]}
a6 {[%clk 1:30:30]} 5. Bd3 {[%clk 1:30:30]} Nf6 {[%clk 1:30:30]} 6. O-O {[%clk
1:30:30]} Qc7 {[%clk 1:30:30]} 7. Qe2 {[%clk 1:30:30]} d6 {[%clk 1:30:30]} 8. f4
{[%clk 1:30:30]} Nbd7 {[%clk 1:30:30]} 9. c4 {[%clk 1:30:30]} Be7 {[%clk
1:30:30]} 10. Nc3 {[%clk 1:30:30]} g6 {[%clk 1:30:30]} 11. Kh1 {[%clk 1:30:30]}
b6 {[%clk 1:30:30]} 12. Bd2 {[%clk 1:30:30]} Bb7 {[%clk 1:30:30]} 13. Rae1 {[%clk
1:30:30]} e5 {[%clk 1:30:30]} 14. Nc2 {[%clk 1:30:30]} Nc5 {[%clk 1:30:30]} 15.
f5 {[%clk 1:30:30]} gxf5 {[%clk 1:30:30]} 16. Rxf5 {[%clk 1:30:30]} Bc8 {[%clk
1:30:30]} 17. Rf2 {[%clk 1:30:30]} Bg4 {[%clk 1:30:30]} 18. Qf1 {[%clk 1:30:30]}
Be6 {[%clk 1:30:30]} 19. Ne3 {[%clk 1:30:30]} Nxd3 {[%clk 1:30:30]} 20. Qxd3
{[%clk 1:30:30]} Rc8 {[%clk 1:30:30]} 21. b3 {[%clk 1:30:30]} Qc5 {[%clk
1:30:30]} 22. Qf1 {[%clk 1:30:30]} Nh5 {[%clk 1:30:30]} 23. Nf5 {[%clk 1:30:30]}
Rg8 {[%clk 1:30:30]} 24. Be3 {[%clk 1:30:30]} Qc6 {[%clk 1:30:30]} 25. Nh6 {[%clk
1:30:30]} Rg7 {[%clk 1:30:30]} 26. Nd5 {[%clk 1:30:30]} Bh4 {[%clk 1:30:30]} 27.
Nf5 {[%clk 1:30:30]} Bxf5 {[%clk 1:30:30]} 28. Rxf5 {[%clk 1:30:30]} Bxe1 {[%clk
1:30:30]} 29. Rxh5 {[%clk 1:30:30]} Rg6 {[%clk 1:30:30]} 30. Rxh7 {[%clk
1:30:30]} 1-0

[Event "Irena Warakomska Memorial B"]
[Site "chessmanager.com"]
[Date "2018.08.04"]
[Round "5"]
[White "Sapeta, Robert"]
[Black "Plesiuk, Jan"]
[Result "1/2-1/2"]
[Board "20"]
[WhiteElo "1960"]
[WhiteCountry "POL"]
[WhiteFideId "1118676"]
[WhiteEloChange "-5"]
[BlackElo "1748"]
[BlackCountry "POL"]
[BlackFideId "1159380"]
[BlackEloChange "5"]

1. d4 {[%clk 1:30:30]} Nf6 {[%clk 1:30:30]} 2. Nc3 {[%clk 1:30:30]} c5 {[%clk
1:30:30]} 3. d5 {[%clk 1:30:30]} d6 {[%clk 1:30:30]} 4. e4 {[%clk 1:30:30]} g6
{[%clk 1:30:30]} 5. f4 {[%clk 1:30:30]} Bg7 {[%clk 1:30:30]} 6. Bb5+ {[%clk
1:30:30]} Nfd7 {[%clk 1:30:30]} 7. a4 {[%clk 1:30:30]} O-O {[%clk 1:30:30]} 8.
Nf3 {[%clk 1:30:30]} Nf6 {[%clk 1:30:30]} 9. e5 {[%clk 1:30:30]} dxe5 {[%clk
1:30:30]} 10. fxe5 {[%clk 1:30:30]} Ng4 {[%clk 1:30:30]} 11. Bf4 {[%clk 1:30:30]}
Nd7 {[%clk 1:30:30]} 12. Bxd7 {[%clk 1:30:30]} Bxd7 {[%clk 1:30:30]} 13. h3
{[%clk 1:30:30]} Nh6 {[%clk 1:30:30]} 14. Qd2 {[%clk 1:30:30]} Nf5 {[%clk
1:30:30]} 15. g4 {[%clk 1:30:30]} Nd4 {[%clk 1:30:30]} 16. Nxd4 {[%clk 1:30:30]}
cxd4 {[%clk 1:30:30]} 17. Qxd4 {[%clk 1:30:30]} e6 {[%clk 1:30:30]} 18. g5 {[%clk
1:30:30]} exd5 {[%clk 1:30:30]} 19. Nxd5 {[%clk 1:30:30]} Bc6 {[%clk 1:30:30]}
20. c4 {[%clk 1:30:30]} Bxd5 {[%clk 1:30:30]} 21. cxd5 {[%clk 1:30:30]} Re8
{[%clk 1:30:30]} 22. O-O-O {[%clk 1:30:30]} Qc7+ {[%clk 1:30:30]} 23. Kb1 {[%clk
1:30:30]} Bxe5 {[%clk 1:30:30]} 24. d6 {[%clk 1:30:30]} Qa5 {[%clk 1:30:30]} 25.
Bxe5 {[%clk 1:30:30]} Qxe5 {[%clk 1:30:30]} 26. d7 {[%clk 1:30:30]} Qf5+ {[%clk
1:30:30]} 27. Qd3 {[%clk 1:30:30]} Qxd3+ {[%clk 1:30:30]} 28. Rxd3 {[%clk
1:30:30]} Red8 {[%clk 1:30:30]} 29. Re1 {[%clk 1:30:30]} b6 {[%clk 1:30:30]} 30.
Kc2 {[%clk 1:30:30]} Rab8 {[%clk 1:30:30]} 31. Kc3 {[%clk 1:30:30]} Kf8 {[%clk
1:30:30]} 32. Kc4 {[%clk 1:30:30]} Rb7 {[%clk 1:30:30]} 1/2-1/2